[Event "Ahvaz Neyshekar"]
[Site "Ahvaz"]
[Date "2023.10.11"]
[Round "9"]
[White "Bosagh Zadeh, Alireza"]
[Black "Poormosavi, Seyed Kian"]
[Result "1-0"]
[WhiteElo "2275"]
[BlackElo "2375"]
[PlyCount "117"]
[EventDate "2023.10.05"]
[EventType "tourn"]
[EventRounds "9"]
[EventCountry "IRI"]
[EventCategory "6"]
[SourceTitle "EXT 2025"]
[Source "ChessBase"]
[SourceDate "2024.10.14"]
[SourceVersion "1"]
[SourceVersionDate "2024.10.14"]
[SourceQuality "1"]

1. e4 c6 2. Nc3 d5 3. Nf3 dxe4 4. Nxe4 Nf6 5. Qe2 Na6 6. d3 Bg4 7. h3 Bxf3 8. Qxf3 Nb4 9. Nxf6+ exf6 10. Qd1 Bd6 11. Be2 0-0 12. 0-0 Re8 13. Bf3 a5 14. a3 Nd5 15. c4 Nf4 16. d4 Bc7 17. d5 c5 18. h4 Ng6 19. g3 Be5 20. h5 Ne7 21. Qd3 Qd6 22. Kg2 g6 23. hxg6 fxg6 24. Bd2 Nf5 25. Be4 Ng7 26. Qf3 b6 27. Rab1 Re7 28. Bc2 Rae8 29. b4 axb4 30. axb4 Ra8 31. bxc5 bxc5 32. Rfe1 Ra2 33. Qb3 Rea7 34. Bc3 Nh5 35. Bxe5 fxe5 36. Qb8+ Qxb8 37. Rxb8+ Kg7 38. Bd1 Ra1 39. Rc8 Nf6 40. Rxc5 Nd7 41. Rc6 h5 42. Rf1 R1a2 43. Bf3 Nf6 44. Re1 Rd2 45. Rxe5 Raa2 46. Re7+ Kf8 47. Re2 Rxe2 48. Bxe2 Nd7 49. Bf1 Kf7 50. Rc7 Ke8 51. c5 Kd8 52. d6 Rc2 53. c6 Ne5 54. Bb5 Rc5 55. f4 Rc2+ 56. Kf1 Ng4 57. Rd7+ Ke8 58. Re7+ Kf8 59. c7 1-0

[Event "Ahvaz Neyshekar"]
[Site "Ahvaz"]
[Date "2023.10.10"]
[Round "7"]
[White "Bosagh Zadeh, Alireza"]
[Black "Ebrahimi Herab, Hamidreza"]
[Result "0-1"]
[WhiteElo "2275"]
[BlackElo "2313"]
[PlyCount "128"]
[EventDate "2023.10.05"]
[EventType "tourn"]
[EventRounds "9"]
[EventCountry "IRI"]
[EventCategory "6"]
[SourceTitle "EXT 2025"]
[Source "ChessBase"]
[SourceDate "2024.10.14"]
[SourceVersion "1"]
[SourceVersionDate "2024.10.14"]
[SourceQuality "1"]

1. e4 c5 2. Nf3 d6 3. d4 cxd4 4. Nxd4 Nf6 5. Nc3 a6 6. Bg5 Nbd7 7. Qe2 e6 8. 0-0-0 Be7 9. f4 h6 10. Bh4 g5 11. fxg5 hxg5 12. Bxg5 Nxe4 13. Nxe4 Bxg5+ 14. Nxg5 Qxg5+ 15. Kb1 Ne5 16. Qe1 Bd7 17. h4 Qe7 18. Rh3 Nc6 19. Nxc6 Bxc6 20. g4 0-0-0 21. g5 d5 22. Rc3 Rd6 23. Qf2 e5 24. Qa7 Rxh4 25. Bxa6 Qc7 26. Qa8+ Kd7 27. Rf3 bxa6 28. Rxf7+ Ke6 29. Rf6+ Kd7 30. Qg8 Rxf6 31. gxf6 Qd8 32. Qg7+ Kd6 33. Rf1 Rh8 34. f7 Rf8 35. Rf6+ Kc7 36. Re6 Kb7 37. Rxe5 d4 38. Kc1 Qd6 39. Re8 Qf4+ 40. Kd1 Qf1+ 41. Re1 Qf2 42. Re7+ Kb6 43. Kc1 Qf4+ 44. Kd1 Qf1+ 45. Kd2 Qf2+ 46. Kc1 d3 47. Qc3 Qxc2+ 48. Qxc2 dxc2 49. Kxc2 Bd5 50. Rd7 Bxf7 51. Rd6+ Kb7 52. b3 Be8 53. Kc3 Bc6 54. a3 Kb6 55. Rd4 Rf1 56. Rb4+ Kc5 57. Rc4+ Kd6 58. Kb4 Rf3 59. Rh4 Kc7 60. Rh5 Kb6 61. a4 a5+ 62. Ka3 Rd3 63. Kb2 Bf3 64. Rb5+ Ka6 0-1

[Event "Eastern Asia-ch U18"]
[Site "Tornelo INT"]
[Date "2021.10.31"]
[Round "7"]
[White "Bosagh Zadeh, Alireza"]
[Black "Anuj, Shrivatri"]
[Result "1-0"]
[WhiteElo "1902"]
[BlackElo "2095"]
[PlyCount "97"]
[EventDate "2021.10.29"]
[EventType "swiss"]
[EventRounds "9"]
[EventCountry "NET"]
[SourceTitle "CBM 205 Extra"]
[Source "ChessBase"]
[SourceDate "2022.01.31"]
[SourceVersion "1"]
[SourceVersionDate "2022.01.31"]
[SourceQuality "1"]

1. Nf3 f5 2. b3 d6 3. d4 Nf6 4. e3 g6 5. Bb2 Bg7 6. c4 c6 7. Nc3 Qa5 8. a3 0-0 9. b4 Qc7 10. Be2 e5 11. c5 e4 12. cxd6 Qxd6 13. Nd2 Be6 14. 0-0 Nbd7 15. b5 Nd5 16. Nxd5 cxd5 17. a4 Rf7 18. Ba3 Qb8 19. Qb3 Nf6 20. b6 a6 21. g3 g5 22. f4 exf3 23. Nxf3 Ne4 24. Bd3 g4 25. Bxe4 dxe4 26. Qxe6 exf3 27. Rac1 Qe8 28. Qb3 Bh6 29. Rfe1 Rc8 30. Rc7 Kg7 31. Bd6 Kg6 32. Be5 Rcxc7 33. bxc7 Qc6 34. a5 Bg7 35. Qb6 Qxb6 36. axb6 Rf8 37. Bxg7 Kxg7 38. Rc1 Rc8 39. Rc5 Kf6 40. Kf2 h5 41. Ra5 h4 42. Rxa6 hxg3+ 43. Kxg3 Rh8 44. Ra2 Kg5 45. h4+ gxh3 46. Rc2 Rc8 47. Kxf3 f4 48. exf4+ Kh4 49. d5 1-0

[Event "IRI-ch U18"]
[Site "Chess.com INT"]
[Date "2021.01.26"]
[Round "7"]
[White "Bosagh Zadeh, Alireza"]
[Black "Mohammadi, Amir Hossein"]
[Result "1-0"]
[WhiteElo "2215"]
[BlackElo "1412"]
[PlyCount "99"]
[EventDate "2021.01.26"]
[EventType "swiss"]
[EventRounds "9"]
[EventCountry "IRI"]
[SourceTitle "CBM 200 Extra"]
[Source "ChessBase"]
[SourceDate "2021.03.31"]
[SourceVersion "1"]
[SourceVersionDate "2021.03.31"]
[SourceQuality "1"]

1. e4 c5 2. Nf3 d6 3. Bb5+ Nd7 4. d4 cxd4 5. Qxd4 a6 6. Bxd7+ Qxd7 7. 0-0 Nf6 8. Nc3 e6 9. Bg5 Be7 10. Rad1 b5 11. Bxf6 gxf6 12. a4 Bb7 13. axb5 axb5 14. Qb6 Qc6 15. Qxb5 Qxb5 16. Nxb5 Ra2 17. Rb1 Bxe4 18. Nc3 Bxf3 19. Nxa2 Rg8 20. g3 h5 21. Rfe1 f5 22. Re3 Be4 23. Nc3 Bxc2 24. Rc1 Bb3 25. Nb5 Bd5 26. Nc7+ Kd7 27. Nxd5 exd5 28. Ra3 Bg5 29. Ra7+ Ke6 30. Re1+ Kf6 31. b4 h4 32. b5 hxg3 33. hxg3 f4 34. b6 fxg3 35. fxg3 Rb8 36. b7 Bd2 37. Rf1+ Ke6 38. Kg2 Ke7 39. Rb1 Kd7 40. Ra8 Kc7 41. Rxb8 Kxb8 42. Kf3 d4 43. Ke4 Bc3 44. Rb3 Ba1 45. Kd5 d3 46. Kc6 Bd4 47. Rxd3 Bc5 48. Rf3 d5 49. Kxc5 d4 50. Rxf7 1-0

[Event "IRI-ch U18"]
[Site "Chess.com INT"]
[Date "2021.01.26"]
[Round "5"]
[White "Jafari, Parsa"]
[Black "Bosagh Zadeh, Alireza"]
[Result "0-1"]
[WhiteElo "1666"]
[BlackElo "2215"]
[PlyCount "48"]
[EventDate "2021.01.26"]
[EventType "swiss"]
[EventRounds "9"]
[EventCountry "IRI"]
[SourceTitle "CBM 200 Extra"]
[Source "ChessBase"]
[SourceDate "2021.03.31"]
[SourceVersion "1"]
[SourceVersionDate "2021.03.31"]
[SourceQuality "1"]

1. d4 Nf6 2. Bf4 c5 3. e3 Qb6 4. Nc3 g6 5. Nf3 Bg7 6. Na4 Qa5+ 7. c3 d6 8. Qb3 0-0 9. Qb5 Qxb5 10. Bxb5 Nbd7 11. c4 a6 12. Bxd7 Nxd7 13. Nc3 Nb6 14. b3 cxd4 15. exd4 e5 16. Be3 Bg4 17. d5 Nd7 18. Kd2 f5 19. Kc2 f4 20. Bd2 Bf5+ 21. Kb2 b5 22. Rac1 e4 23. Ng5 b4 24. Rhe1 Nc5 0-1

[Event "IRI-ch"]
[Site "Tehran"]
[Date "2020.01.21"]
[Round "6"]
[White "Bosagh Zadeh, Alireza"]
[Black "Hamidi, Amir Mohammad"]
[Result "1/2-1/2"]
[WhiteElo "2165"]
[BlackElo "2290"]
[PlyCount "60"]
[EventDate "2020.01.18"]
[EventType "tourn"]
[EventRounds "11"]
[EventCountry "IRI"]
[EventCategory "4"]
[SourceTitle "CBM 194 Extra"]
[Source "ChessBase"]
[SourceDate "2020.03.31"]
[SourceVersion "1"]
[SourceVersionDate "2020.03.31"]
[SourceQuality "1"]

1. e4 e6 2. d4 d5 3. Nc3 Bb4 4. e5 b6 5. Qg4 Bf8 6. f4 Qd7 7. Nf3 Ne7 8. Bd3 Ba6 9. 0-0 Bxd3 10. cxd3 Nbc6 11. Be3 Nf5 12. Bf2 Nb4 13. Ne1 0-0-0 14. Qe2 h5 15. Nf3 Be7 16. Rfc1 Kb7 17. a3 Na6 18. Rc2 Rhg8 19. h4 c5 20. dxc5 Nxc5 21. b4 Na4 22. Nxa4 Qxa4 23. Qd1 Qd7 24. Rb2 a6 25. a4 Rc8 26. Nd2 g6 27. Qe1 Rc7 28. Nb3 Ra8 29. g3 Qc8 30. Raa2 Qf8 1/2-1/2

[Event "IRI-ch sf"]
[Site "Lorestan"]
[Date "2019.11.11"]
[Round "6"]
[White "Nikookar, Mahdi"]
[Black "Bosagh Zadeh, Alireza"]
[Result "0-1"]
[WhiteElo "2243"]
[BlackElo "2048"]
[PlyCount "130"]
[EventDate "2019.11.08"]
[EventType "swiss"]
[EventRounds "9"]
[EventCountry "IRI"]
[SourceTitle "CBM 193 Extra"]
[Source "ChessBase"]
[SourceDate "2020.01.31"]
[SourceVersion "1"]
[SourceVersionDate "2020.01.31"]
[SourceQuality "1"]

1. d4 Nf6 2. Nf3 e6 3. Bf4 d5 4. e3 Bd6 5. Bg3 0-0 6. Nbd2 b6 7. Bd3 Bb7 8. c3 c5 9. Ne5 Nc6 10. f4 Ne7 11. Qb1 g6 12. Bf2 cxd4 13. exd4 Nf5 14. Bxf5 exf5 15. Bh4 Ba6 16. Qd1 Be7 17. Bxf6 Bxf6 18. Qf3 Bg7 19. 0-0-0 Rc8 20. Kb1 Re8 21. Rhe1 Qd6 22. g3 Re6 23. Nb3 Rce8 24. Nc1 f6 25. Ned3 Re4 26. Kc2 R8e6 27. Kd2 Qe7 28. Re2 Bf8 29. Rde1 Qd7 30. Re3 Qb5 31. Qd1 Qa5 32. b4 Qb5 33. a4 Qe8 34. Qf3 Qxa4 35. Nf2 Rxd4+ 36. cxd4 Bxb4+ 37. Rc3 Rxe1 38. Kxe1 Qc2 39. Nd1 Qxc1 40. Qxd5+ Kg7 41. Qc6 Bxc3+ 42. Qxc3 Qxc3+ 43. Nxc3 Kf7 44. Nd5 Bb7 45. Ne3 Ke6 46. Kd2 b5 47. Kc3 a5 48. d5+ Bxd5 49. Kd4 Be4 50. Kc5 Bd3 51. h3 b4 52. Nd1 b3 53. Nb2 Bc2 54. Na4 Kd7 55. Nb2 Kc7 56. Na4 Bd3 57. h4 h5 58. Nb2 Be2 59. Na4 Kb7 60. Kd6 Bc4 61. Nb2 Bb5 62. Kc5 Ka6 63. Nd1 Be8 64. Nb2 a4 65. Nc4 Bf7 0-1